00883nam a2200241 i 4500001000300000003000400003005001700007008003900024040000800063041000800071080001000079080001200089245021800101250001400319260005600333300002600389655003000415650001500445650001500460700002700475700004200502856009700544bgBPK20220127084706.0 s1993 pl f f |000 0 pol cBPK apol a681.5 a(075.8) 0aLaboratorium podstaw automatyki :bpraca zbiorowa.nT. 2 /cpod red. Józefa Lisowskiego ; [oprac. Zespół Teorii i Techniki Sterowania Instytutu Automatyki Okrętowej w składzi Andrzej Gawrychowski et al.].  a[Wyd. 2]. aGdynia :bWydaw. Wyższej Szkoły Morskiej,c1993. a202 s. :brys., wykr. 4aPodręczniki akademickie 4aSterowanie 4aAutomatyka1 aGawrychowski, Andrzej.1 aLisowski, Józefd(1943- )eRedakcja uhttp://koha.tu.koszalin.pl/cgi-bin/koha/opac-detail.pl?biblionumber=6331yKatalog online BPK